Wszystkie węzły obwodnicy Łodzi na schemacie - Statystyki

Ogólne statystyki
  • Ten quiz został rozwiązany 149 razy
  • Średni wynik to 11 z 19
Odpowiedzi na mapie
Odpowiedzi zakodowano w zielono-czerwonej skali na mapie do tego quizu, zgodnie z poniższymi procentami.
 
Statystyki odpowiedzi
Węzeł % Poprawnych
Łódź Północ
86%
Łódź Południe
85%
Zgierz
81%
Emilia
75%
Łódź Wschód
74%
Stryków
71%
Aleksandrów Łódzki
66%
Brzeziny
63%
Rzgów
63%
Konstantynów Łódzki
60%
Łódź Górna
53%
Pabianice Południe
53%
Pabianice Północ
50%
Łódź Retkinia
45%
Róża
44%
Łódź Lublinek
38%
Łódź Teofilów
35%
Dobroń
28%
Lućmierz
22%
Nie znaleziono quizów pasujących do podanych kryteriów
Rozkład punktacji
Procent ludzi z każdym wynikiem
Percentyl według liczby udzielonych odpowiedzi
Twoja historia wyników
Nie rozwiązałeś tego quizu